[Event "POR-ch U14/20"]
[Site "Fatima"]
[Date "2022.04.11"]
[Round "2"]
[White "Abdurramane, Danial Germano"]
[Black "Simoes, Miguel Patricio"]
[Result "1-0"]
[WhiteElo "1772"]
[BlackElo "2001"]
[PlyCount "59"]
[EventDate "2022.04.10"]
[EventType "swiss"]
[EventRounds "9"]
[EventCountry "POR"]
[SourceTitle "EXT 2023"]
[Source "ChessBase"]
[SourceDate "2022.10.05"]
[SourceVersion "1"]
[SourceVersionDate "2022.10.05"]
[SourceQuality "1"]

1. d4 Nf6 2. Nf3 e6 3. e3 b6 4. Bd3 Bb7 5. b3 Be7 6. Bb2 0-0 7. Nbd2 c5 8. c4 d6 9. 0-0 Nbd7 10. Qe2 Qc7 11. Ng5 h6 12. Nge4 Nxe4 13. Nxe4 Qc6 14. f4 f5 15. Ng3 Nf6 16. d5 exd5 17. Nxf5 Qd7 18. cxd5 Bxd5 19. Qc2 Qe6 20. Rae1 Bb7 21. e4 Qd7 22. e5 Nh5 23. Nxh6+ Kh8 24. e6 Qc6 25. Nf7+ Rxf7 26. exf7 Bh4 27. Bg6 Nf6 28. Bxf6 gxf6 29. Re8+ Kg7 30. f8Q# 1-0

[Event "Guimaraes op 3rd"]
[Site "Guimaraes"]
[Date "2019.08.30"]
[Round "4"]
[White "Gomez Peco, David"]
[Black "Abdurramane, Danial Germano"]
[Result "1-0"]
[WhiteElo "2104"]
[BlackElo "1405"]
[PlyCount "69"]
[EventDate "2019.08.28"]
[EventType "swiss"]
[EventRounds "7"]
[EventCountry "POR"]
[SourceTitle "EXT 2020"]
[Source "ChessBase"]
[SourceDate "2019.10.17"]
[SourceVersion "1"]
[SourceVersionDate "2019.10.17"]
[SourceQuality "1"]

1. e4 e6 2. d4 d5 3. Bd3 Nf6 4. e5 Nfd7 5. c3 c5 6. f4 Nc6 7. Nf3 Qb6 8. Bc2 cxd4 9. cxd4 Be7 10. 0-0 Nxd4 11. Nxd4 Bc5 12. Be3 Qxb2 13. Qd3 Qxa1 14. Nc3 Qb2 15. Ncb5 Bb6 16. Bb3 Nc5 17. Qd1 Ne4 18. Kh1 a6 19. Qd3 0-0 20. Rb1 Nf2+ 21. Bxf2 Qxf2 22. Rf1 Qh4 23. Nf3 Qxf4 24. Bc2 Qe4 25. Qd1 Qg4 26. Nd6 Bc5 27. Qd3 g6 28. Qd2 Bxd6 29. exd6 Bd7 30. Ne5 Qh4 31. Nxd7 Rfd8 32. Nf6+ Kf8 33. d7 Ke7 34. Qc3 Qc4 35. Qa3+ 1-0

[Event "Guimaraes op 3rd"]
[Site "Guimaraes"]
[Date "2019.08.29"]
[Round "3"]
[White "Abdurramane, Danial Germano"]
[Black "Chueca Forcen, Alberto"]
[Result "0-1"]
[WhiteElo "1405"]
[BlackElo "2355"]
[PlyCount "46"]
[EventDate "2019.08.28"]
[EventType "swiss"]
[EventRounds "7"]
[EventCountry "POR"]
[SourceTitle "EXT 2020"]
[Source "ChessBase"]
[SourceDate "2019.10.17"]
[SourceVersion "1"]
[SourceVersionDate "2019.10.17"]
[SourceQuality "1"]

1. d4 d5 2. Nf3 Nf6 3. e3 c5 4. Bd3 Nc6 5. 0-0 e6 6. b3 Bd6 7. Bb2 Qc7 8. a3 Bd7 9. Nbd2 e5 10. dxc5 Bxc5 11. e4 d4 12. b4 Be7 13. c3 dxc3 14. Bxc3 Rd8 15. Rc1 Qb8 16. Bb5 Nd4 17. Bxd4 exd4 18. Nxd4 0-0 19. Re1 Bg4 20. f3 Rxd4 21. fxg4 Qf4 22. Re2 Nxg4 23. g3 Qg5 0-1

[Event "Famalicao op 7th"]
[Site "Vila Nova de Famalicao"]
[Date "2019.07.28"]
[Round "1"]
[White "Abdurramane, Danial Germano"]
[Black "Rego, Pedro Filipe"]
[Result "0-1"]
[WhiteElo "1405"]
[BlackElo "2249"]
[PlyCount "78"]
[EventDate "2019.07.28"]
[EventType "swiss"]
[EventRounds "9"]
[EventCountry "POR"]
[SourceTitle "CBM 191 Extra"]
[Source "ChessBase"]
[SourceDate "2019.09.30"]
[SourceVersion "1"]
[SourceVersionDate "2019.09.30"]
[SourceQuality "1"]

1. d4 Nf6 2. Nf3 e6 3. e3 b6 4. Bd3 Bb7 5. 0-0 Be7 6. b3 d6 7. Nbd2 Nbd7 8. Bb2 c5 9. c4 0-0 10. Re1 Re8 11. Rc1 Bf8 12. Qc2 Rc8 13. Ng5 g6 14. f4 Bg7 15. Nde4 Nxe4 16. Nxe4 Nf6 17. Rf1 d5 18. Ng5 dxc4 19. bxc4 Ng4 20. Qe2 Nh6 21. Rcd1 cxd4 22. Bb1 Nf5 23. exd4 Qc7 24. g4 Nd6 25. c5 bxc5 26. Rc1 Qb6 27. Rxc5 Rxc5 28. dxc5 Qxc5+ 29. Rf2 Qd5 30. Nf3 Bxb2 31. Qxb2 Ne4 32. Bxe4 Qxe4 33. Qe5 Qb1+ 34. Ne1 Qb6 35. f5 Qc6 36. Rc2 exf5 37. Rxc6 Rxe5 38. Rc7 Rxe1+ 39. Kf2 Rb1 0-1